<?xml version='1.0' encoding='UTF-8'?><?xml-stylesheet href='static/style.xsl' type='text/xsl'?><OAI-PMH xmlns="http://www.openarchives.org/OAI/2.0/" xmlns:xsi="http://www.w3.org/2001/XMLSchema-instance" xsi:schemaLocation="http://www.openarchives.org/OAI/2.0/ http://www.openarchives.org/OAI/2.0/OAI-PMH.xsd"><responseDate>2026-05-16T03:01:02Z</responseDate><request verb="GetRecord" identifier="oai:ebiltegia.mondragon.edu:20.500.11984/14424" metadataPrefix="marc">https://ebiltegia.mondragon.edu/oai/request</request><GetRecord><record><header><identifier>oai:ebiltegia.mondragon.edu:20.500.11984/14424</identifier><datestamp>2026-05-14T15:03:04Z</datestamp><setSpec>com_20.500.11984_473</setSpec><setSpec>com_20.500.11984_14090</setSpec><setSpec>col_20.500.11984_476</setSpec></header><metadata><record xmlns="http://www.loc.gov/MARC21/slim" xmlns:dcterms="http://purl.org/dc/terms/" xmlns:xsi="http://www.w3.org/2001/XMLSchema-instance" xmlns:doc="http://www.lyncode.com/xoai" xsi:schemaLocation="http://www.loc.gov/MARC21/slim http://www.loc.gov/standards/marcxml/schema/MARC21slim.xsd">
   <leader>00925njm 22002777a 4500</leader>
   <datafield ind2=" " ind1=" " tag="042">
      <subfield code="a">dc</subfield>
   </datafield>
   <datafield ind2=" " ind1=" " tag="720">
      <subfield code="a">Albisua, Neritzel</subfield>
      <subfield code="e">author</subfield>
   </datafield>
   <datafield ind2=" " ind1=" " tag="260">
      <subfield code="c">2025-12-15</subfield>
   </datafield>
   <datafield ind2=" " ind1=" " tag="520">
      <subfield code="a">Introducción. La práctica regular de actividad física durante la infancia y la adolescencia se ha asociado con múltiples beneficios físicos, psicológicos y sociales. No obstante, los niveles de inactividad continuaron siendo elevados y desiguales según el sexo, la edad y el nivel socioeconómico.&#xd;
&#xd;
Objetivo. El objetivo de este estudio fue analizar las desigualdades en la actividad física de la población infantil y adolescente de Euskadi, en el marco de la iniciativa Global Matrix 5.0, identificando diferencias por sexo, edad y nivel socioeconómico, así como su evolución respecto al ciclo 2018–2021.&#xd;
&#xd;
Metodología. La investigación se basó en un análisis descriptivo y comparativo realizado por un panel de seis expertos procedentes de instituciones académicas y gubernamentales. Se recopilaron veintitrés fuentes de información correspondientes al periodo 2022–2025, a partir de una estrategia multinivel que integró literatura científica, informes institucionales y estudios con acelerometría. Once indicadores fueron evaluados mediante los criterios estandarizados de la Active Healthy Kids Global Alliance y calificados en una escala de A+ a F según el grado de cumplimiento.&#xd;
&#xd;
Resultados. Los resultados mostraron mejoras en la actividad física general (B+/B), en la condición física (C+) y en las políticas públicas (B), mientras que el sueño y los comportamientos sedentarios obtuvieron las calificaciones más bajas (F). Las chicas presentaron una ligera ventaja en actividad física general y transporte activo, pero la adolescencia reflejó los mayores descensos, especialmente en contextos socioeconómicos desfavorecidos.&#xd;
&#xd;
Conclusiones. Estos hallazgos coincidieron con estudios previos europeos que evidencian una disminución progresiva de la actividad física con la edad y un incremento sostenido del sedentarismo. Se concluye que Euskadi ha avanzado en políticas públicas y promoción de la actividad física, aunque persisten desafíos vinculados al sueño, el sedentarismo y la equidad social.</subfield>
   </datafield>
   <datafield ind2=" " ind1=" " tag="520">
      <subfield code="a">Introduction. Regular physical activity during childhood and adolescence has been associated with multiple physical, psychological, and social benefits. Nevertheless, inactivity levels remained high and unequally distributed according to sex, age, and socio-economic status.Objective. The aim of this study was to analyze inequalities in physical activity among children and adolescents in the Basque Country within the framework of the Global Matrix 5.0 initiative, identifying differences by sex, age, and socioeconomic level, as well as their evolution compared with the 2018–2021 cycle. Methodology. The research was based on a descriptive and comparative analysis conducted by a panel of six experts from academic and governmental institutions. Twenty-three data sources corresponding to the 2022–2025 period was compiled through a multilevel search strategy that integrated  scientific  literature,  institutional  reports,  and accelerometer-based  studies.  Eleven indicators  were  evaluated  using  the  standardized  criteria  of  the  Active  Healthy  Kids  Global Alliance and graded on a scale from A+ to F according to the level of compliance. Results. The results showed improvements in overall physical activity (B+/B), physical fitness (C+), and public policy (B), while sleep and sedentary behaviors received the lowest grades (F). Girls  presented  a  slight advantage  in  overall physical activity and  active  transportation,  whereas adolescence showed the sharpest declines, particularly in socioeconomically disadvantaged contexts.Conclusions. These  findings  were  consistent  with  previous  European  studies  showing  a  pro-gressive  decline  in physical  activity  with  age  and  a  sustained increase in  sedentary  behavior.It is concluded that the Basque Country has advanced in public policy and physical activity promotion, although challenges related to sleep, sedentary behavior, and social equity persist.</subfield>
   </datafield>
   <datafield ind1="8" ind2=" " tag="024">
      <subfield code="a">1579-1726</subfield>
   </datafield>
   <datafield ind1="8" ind2=" " tag="024">
      <subfield code="a">1988-2041</subfield>
   </datafield>
   <datafield ind1="8" ind2=" " tag="024">
      <subfield code="a">https://katalogoa.mondragon.edu/janium-bin/janium_login_opac.pl?find&amp;ficha_no=200331</subfield>
   </datafield>
   <datafield ind1="8" ind2=" " tag="024">
      <subfield code="a">https://hdl.handle.net/20.500.11984/14424</subfield>
   </datafield>
   <datafield tag="653" ind2=" " ind1=" ">
      <subfield code="a">Actividad física</subfield>
   </datafield>
   <datafield tag="653" ind2=" " ind1=" ">
      <subfield code="a">Adolescencia</subfield>
   </datafield>
   <datafield tag="653" ind2=" " ind1=" ">
      <subfield code="a">Desigualdad</subfield>
   </datafield>
   <datafield tag="653" ind2=" " ind1=" ">
      <subfield code="a">Euskadi</subfield>
   </datafield>
   <datafield tag="653" ind2=" " ind1=" ">
      <subfield code="a">Sedentarismo</subfield>
   </datafield>
   <datafield tag="653" ind2=" " ind1=" ">
      <subfield code="a">Global Matrix</subfield>
   </datafield>
   <datafield tag="653" ind2=" " ind1=" ">
      <subfield code="a">Inequality</subfield>
   </datafield>
   <datafield tag="653" ind2=" " ind1=" ">
      <subfield code="a">Physical activity</subfield>
   </datafield>
   <datafield tag="653" ind2=" " ind1=" ">
      <subfield code="a">Adolescence</subfield>
   </datafield>
   <datafield tag="653" ind2=" " ind1=" ">
      <subfield code="a">Basque Country</subfield>
   </datafield>
   <datafield tag="653" ind2=" " ind1=" ">
      <subfield code="a">Sedentary behaviour</subfield>
   </datafield>
   <datafield tag="653" ind2=" " ind1=" ">
      <subfield code="a">Global Matrix</subfield>
   </datafield>
   <datafield ind2="0" ind1="0" tag="245">
      <subfield code="a">Desigualdad en la actividad física: evidencias desde Global Matrix 5.0 en Euskadi</subfield>
   </datafield>
</record></metadata></record></GetRecord></OAI-PMH>